000 00343nam a22001577a 4500
005 20260618101904.0
020 _a9789391793241
041 _aEnglish
082 _aT13 R25 PAR
100 _aParthasarathy.NA
245 _aPandimadevi
260 _aChennai
_bCholan Publications
_c2025
300 _a664
365 _b2745.00
942 _cBK
999 _c177935
_d177935